DIAGNOSTICS OF ADHESION IMPERFECTIONS IN RUBBER-TO-METAL INTERFACE BY ACOUSTIC MICROSCOPY

Bibliographic Details
Main Authors: Slabeycius, Juraj, 1949- (Author), Landa, Michal (Author), Koštial, Pavol (Author), Berezina, Sofia (Author)
Format: Article
Language:English
ISBN:8071005193

MARC

LEADER 00000naa a2200000uu 4500
001 vtls010954087
003 SK-MaSNL
005 20260302123954.0
008 210906|1998 xo |||||||||||||||||eng|
015 |a SNBRA 
035 |a (urnnbn)urn:nbn:sk:snk:ar-a0bm4i 
035 |a (uuid)d7a54f82-26c6-4062-abc7-fa00dd9efae8 
035 |a urn:nbn:sk:snk-aaue3v 
040 |a SNKBUCL  |b slo  |c SNKBUCL  |e AACR2 
041 0 |a eng 
044 |a xo  |c SK 
100 1 |a Slabeycius, Juraj,  |d 1949-  |4 aut  |9 112523 
245 1 0 |a DIAGNOSTICS OF ADHESION IMPERFECTIONS IN RUBBER-TO-METAL INTERFACE BY ACOUSTIC MICROSCOPY  |c Juraj Slabeycius, Michal Landa, Pavol Koštial, Sofia Berezina 
700 1 |a Landa, Michal  |4 aut  |9 809468 
700 1 |a Koštial, Pavol  |4 aut  |9 506758 
700 1 |a Berezina, Sofia  |4 aut  |9 42850 
773 0 |t Communications on the edge of the millenniums  |d Žilina : University of Žilina, 1998, 1998  |g S. 39-42  |z 8071005193 
958 |a OND 
958 |a article11 
958 |a chapter 
999 |c 1285513  |d 1287443